Informe sobre supervisión, control y manejo del sistema eléctrico del Instituto Costarricense de Electricidad.
Gorde:
| Egile nagusia: | |
|---|---|
| Formatua: | Liburua |
| Argitaratua: |
San José, Costa Rica
1986
|
| Gaiak: | |
| Etiketak: |
Etiketa erantsi
Etiketarik gabe, Izan zaitez lehena erregistro honi etiketa jartzen!
|
MARC
| LEADER | 00000nam a2200000Ia 4500 | ||
|---|---|---|---|
| 003 | 004294 | ||
| 005 | 20221231144350.0 | ||
| 008 | 140114s1986 cr a m 000 ||s d | ||
| 040 | |c cru CEDI | ||
| 090 | |a TFG 1961 | ||
| 100 | |a Morera Monge, Jaime |9 13927 | ||
| 245 | |a Informe sobre supervisión, control y manejo del sistema eléctrico del Instituto Costarricense de Electricidad. | ||
| 260 | |c 1986 |a San José, Costa Rica | ||
| 300 | |a 25 hojas | ||
| 500 | |a Proyecto de graduación (bachillerato en ingeniería eléctrica)--Universidad de Costa Rica. Facultad de Ingeniería. Escuela de Ingeniería Eléctrica | ||
| 650 | |x DISTRIBUCION DE ENERGIA ELECTRICA |x SISTEMAS DE ENERGIA ELECTRICA |9 13929 | ||
| 942 | |c TFG | ||
| 999 | |c 20786 |d 20786 | ||
